Statistics for French Wine Regions

Click here to take the quiz!

General Stats

  • This quiz has been taken 150 times
  • The average score is 6 of 12

Answer Stats

Answer% Correct
Bordeaux
91%
Burgundy
90%
Champagne
90%
Loire
78%
Alsace
72%
Provence
52%
Languedoc
45%
Beaujolais
38%
Jura
30%
Medoc
11%
South West
10%
Cotes de Rhone
8%

Score Distribution

Percentile by Number Answered

Percent of People with Each Score

Your Score History

You have not taken this quiz